| 000 | 00640nam a2200205Ia 4500 | ||
|---|---|---|---|
| 005 | 20260429112135.0 | ||
| 008 | 260429s9999||||xx |||||||||||||| ||und|| | ||
| 020 | _a9781119043201 | ||
| 041 | _aEnglish | ||
| 082 |
_a937 _bNEU |
||
| 100 | _aNeugebauer, Gillian Ramsey | ||
| 245 | 0 |
_aSocial and cultural history of the Hellenistic world / _cGillian Ramsey Neugebauer |
|
| 250 | _a1st ed. | ||
| 260 |
_aNew Jersey : _bWiley Blackwell, _c2025. |
||
| 300 | _axix, 327 p.; pbk | ||
| 440 | _aWiley Blackwell social and cultural histories of the ancient world | ||
| 650 | _a Cultural history | ||
| 650 | _aHellenistic world | ||
| 942 | _cTB | ||
| 999 |
_c52554 _d52554 |
||